The Edwards Limestone in the Balcones fault zone, south-central Texas /

Bibliographic Details
Main Author: Abbott, Patrick L.
Format: Thesis Microform Book
Language:English
Published: [Place of publication not identified] : [publisher not identified] ; 1973.
Subjects:

MARC

Tag First Indicator Second Indicator Subfields
LEADER 00000cam a2200000 a 4500
001 in00000008393
005 20151003050044.0
007 hd afb|||||||
008 880208r19741973miuab ab 00010 eng d
035 |a (OCoLC)17448143 
035 |9 AAA0780AM 
040 |a TXA  |c TXA  |d UtOrBLW 
043 |a n-us-tx 
049 |a TXAI 
099 |a film  |a B  |a 1732 
100 1 |a Abbott, Patrick L. 
245 1 4 |a The Edwards Limestone in the Balcones fault zone, south-central Texas /  |c by Patrick Leon Abbott. 
264 1 |a [Place of publication not identified] :  |b [publisher not identified] ;  |c 1973. 
300 |a xi, 122 pages, 24 unnumbered leaves :  |b illustrations, maps. 
336 |a text  |b txt  |2 rdacontent 
337 |a microform  |b h  |2 rdamedia 
338 |a microfilm reel  |b hd  |2 rdacarrier 
502 |b Ph. D.  |c University of Texas at Austin  |d 1973. 
500 |a Vita. 
504 |a Bibliography: leaves 116-122. 
533 |a Microfilm.  |b Ann Arbor, Mich. :  |c University Microfilms,  |d 1974.  |e 1 microfilm reel ; 35 mm. 
500 |a Microform. 
650 0 |a Geology  |z Texas  |z Edwards Plateau. 
999 |a MARS 
999 f f |s 295df5fc-8647-3cc9-8b99-28a0dac89eaf  |i 9cc7ff43-5e1f-3a65-adc1-42e7d90d97a0  |t 0 
952 f f |p normal  |a Texas A&M University  |b College Station  |c Sterling C. Evans Library  |d Evans: Microforms (3rd floor)  |t 0  |e film B 1732  |h Other scheme  |i microform -- microfilm reel  |k cat no.: 7405185  |m A14833806204 
998 f f |a film B 1732  |t 0  |l Evans: Microforms (3rd floor)